Vista normal Vista MARC

Entrada Materia (personas)

Número de registros utilizados en: 1

001 - CONTROL NUMBER

  • control field: 100359

003 - CONTROL NUMBER IDENTIFIER

  • control field: Co-BoUCM

005 - DATE AND TIME OF LATEST TRANSACTION

  • control field: 20200311094124.0

008 - FIXED-LENGTH DATA ELEMENTS

  • fixed length control field: 200311|| aca||aabn | a|a d

040 ## - CATALOGING SOURCE

  • Original cataloging agency: Co-BoUCM
  • Transcribing agency: Co-BoUCM

100 ## - HEADING--PERSONAL NAME

  • Personal name: Sempere y Guarinos, Juan
  • Dates associated with a name: 1754-1830

670 ## - SOURCE DATA FOUND

  • Source citation: Work cat.: (Co-BoUCM)73804: Sempere y Guarinos, Juan 1754-1830, Ensayo de una biblioteca española de los mejores escritores del Reynado de Carlos III, 1785-1789